000 00981nas a2200325 4500
001 BR2012005995
003 BR-BrBNA
005 20231205121011.0
007 ta
008 230509b bl.|||p| |||| 00| 00por d
040 _aBR-BrBNA
_bpor
_cBiblioteca Nacional de Agricultura
041 _a(En)
072 _aL20; L51
100 1 _aModro, A.F.H.
100 1 _aSilva, I.C.
100 1 _aMessage, D.
100 1 _aLuz, C.F.P
245 1 _aSaprophytic fungus collection by africanized bees in Brazil
246 1 _aSaprophytic fungus collection by africanized bees in Brazil
650 _aABELHA
650 _aCOMPORTAMENTO ANIMAL
650 _aCONDIÇÃO AMBIENTAL
650 _aNUTRIÇÃO ANIMAL
650 _aFUNGO
650 _aALIMENTO ALTERNATIVO
650 _aPROTEÍNA
773 0 _tNeotropical Entomology (Brazil)
_xISSN 1519-566X
_g(May-Jun 2009), v. 38(3) p. 434-436
_wBR2012005995
909 _a202311
_bLúcia
_c55
_dLúcia Elande
942 _2AGRIS
_n0
_cANA
999 _c221398
_d221398